[Event "LUX-chABC"]
[Site "Dudelange"]
[Date "1997.04.04"]
[Round "7.31"]
[White "Mertz, Pascal"]
[Black "Lorsche, Jean"]
[Result "1-0"]
[WhiteElo "1500"]
[BlackElo "1680"]
[PlyCount "97"]
[EventDate "1997.03.29"]
[EventType "swiss"]
[EventRounds "9"]
[EventCountry "LUX"]
[SourceTitle "EXT 2013"]
[Source "ChessBase"]
[SourceDate "2012.11.22"]
[SourceVersion "1"]
[SourceVersionDate "2012.11.22"]
[SourceQuality "1"]

1. c4 e6 2. d4 d5 3. cxd5 exd5 4. Nc3 c6 5. Nf3 f5 6. e3 Nf6 7. Bd3 Bd6 8. Ne5 0-0 9. f4 Ne4 10. Nf3 Nd7 11. 0-0 Ndf6 12. Bxe4 fxe4 13. Ng5 h6 14. Nh3 Bxh3 15. gxh3 Qd7 16. Kg2 Qf5 17. Ne2 Qg6+ 18. Ng3 h5 19. h4 Be7 20. Kh3 Ng4 21. Qe1 Nh6 22. Qe2 Qf6 23. Qxh5 Nf5 24. Nxf5 Qxf5+ 25. Qxf5 Rxf5 26. Rg1 Rh5 27. Rg4 Kf7 28. Bd2 Rah8 29. Be1 c5 30. Bf2 cxd4 31. exd4 Bf6 32. Be1 Rc8 33. Bc3 Rc4 34. Rd1 b5 35. a3 Be7 36. Kg3 b4 37. Bxb4 Bxb4 38. axb4 Rc2 39. Rg5 Rxg5+ 40. fxg5 Ke6 41. Rg1 Rxb2 42. h5 Rxb4 43. h6 gxh6 44. gxh6 Kf6 45. Kf4 Rb7 46. h4 Rh7 47. h5 Rxh6 48. Rg6+ Rxg6 49. hxg6 1-0